[Event "CHN-ch U20"]
[Site "Shenzhen"]
[Date "2023.08.02"]
[Round "11"]
[White "Liu, Aiwei"]
[Black "Xu, Junwei"]
[Result "1/2-1/2"]
[WhiteElo "1923"]
[BlackElo "2141"]
[PlyCount "40"]
[EventDate "2023.07.28"]
[EventType "swiss"]
[EventRounds "11"]
[EventCountry "CHN"]
[SourceTitle "CBM 215 Extra"]
[Source "ChessBase"]
[SourceDate "2023.09.30"]
[SourceVersion "1"]
[SourceVersionDate "2023.09.30"]
[SourceQuality "1"]

1. c4 e5 2. Nc3 Bb4 3. g3 Nf6 4. Bg2 0-0 5. Nf3 Re8 6. 0-0 c6 7. d3 h6 8. e4 d5 9. cxd5 cxd5 10. exd5 Nxd5 11. Qb3 Nxc3 12. bxc3 Bd6 13. d4 Nc6 14. dxe5 Nxe5 15. Nxe5 Bxe5 16. Be3 Qc7 17. Bd4 Bxd4 18. cxd4 Rd8 19. d5 Qd6 20. Rac1 Rb8 1/2-1/2

[Event "CHN-ch U20"]
[Site "Shenzhen"]
[Date "2023.07.31"]
[Round "8"]
[White "Xu, Junwei"]
[Black "Yang, Bokai"]
[Result "1-0"]
[WhiteElo "2141"]
[BlackElo "1827"]
[PlyCount "59"]
[EventDate "2023.07.28"]
[EventType "swiss"]
[EventRounds "11"]
[EventCountry "CHN"]
[SourceTitle "CBM 215 Extra"]
[Source "ChessBase"]
[SourceDate "2023.09.30"]
[SourceVersion "1"]
[SourceVersionDate "2023.09.30"]
[SourceQuality "1"]

1. Nf3 d5 2. g3 Nf6 3. Bg2 g6 4. c4 c6 5. b3 Bg7 6. Bb2 0-0 7. 0-0 Bf5 8. d3 Na6 9. Nbd2 Qd7 10. Re1 Bh3 11. a3 Bxg2 12. Kxg2 c5 13. Be5 d4 14. b4 Nh5 15. bxc5 Bxe5 16. Nxe5 Qc7 17. Nef3 e5 18. Nb3 Nxc5 19. Nxc5 Qxc5 20. Rb1 Qc6 21. Qb3 b6 22. Qb5 Qxb5 23. Rxb5 f6 24. a4 Rac8 25. a5 bxa5 26. Ra1 Rf7 27. Nd2 Ng7 28. Rbxa5 Rcc7 29. Nb3 Ne8 30. Ra6 1-0

[Event "CHN-ch U20"]
[Site "Shenzhen"]
[Date "2023.07.28"]
[Round "1"]
[White "Xu, Junwei"]
[Black "Zhong, Langqi"]
[Result "1-0"]
[WhiteElo "2141"]
[BlackElo "1661"]
[PlyCount "41"]
[EventDate "2023.07.28"]
[EventType "swiss"]
[EventRounds "11"]
[EventCountry "CHN"]
[SourceTitle "CBM 215 Extra"]
[Source "ChessBase"]
[SourceDate "2023.09.30"]
[SourceVersion "1"]
[SourceVersionDate "2023.09.30"]
[SourceQuality "1"]

1. Nf3 Nf6 2. d4 c5 3. d5 e6 4. Nc3 exd5 5. Nxd5 Nxd5 6. Qxd5 Be7 7. e4 0-0 8. Bd3 Nc6 9. c3 d6 10. 0-0 Be6 11. Qh5 Ne5 12. Nxe5 dxe5 13. Bc2 f6 14. f4 Qe8 15. Qe2 b5 16. f5 Bc4 17. Bb3 Qf7 18. Bxc4 Qxc4 19. Qxc4+ bxc4 20. Kf2 Rfd8 21. Ke2 1-0

[Event "CHN-chTB"]
[Site "Harbin"]
[Date "2019.07.25"]
[Round "9.2"]
[White "Ponkratov, Pavel"]
[Black "Xu, Junwei"]
[Result "1-0"]
[WhiteElo "2651"]
[BlackElo "2057"]
[PlyCount "59"]
[EventDate "2019.07.20"]
[EventType "team-swiss"]
[EventRounds "11"]
[EventCountry "CHN"]
[SourceTitle "CBM 191 Extra"]
[Source "ChessBase"]
[SourceDate "2019.09.30"]
[SourceVersion "1"]
[SourceVersionDate "2019.09.30"]
[SourceQuality "1"]
[WhiteTeam "Shenzhen Ticai"]
[BlackTeam "Shandong"]
[WhiteTeamCountry "CHN"]
[BlackTeamCountry "CHN"]

1. d4 Nf6 2. c4 e6 3. Nc3 Bb4 4. Qc2 0-0 5. e4 d5 6. e5 Ne4 7. Bd3 c5 8. Nf3 cxd4 9. Nxd4 dxc4 10. Bxe4 Qxd4 11. Bf4 f5 12. exf6 Qxf6 13. Bxh7+ Kf7 14. Be3 Nc6 15. 0-0-0 Bxc3 16. bxc3 Ne7 17. h4 e5 18. Bg5 Qa6 19. Rhe1 Qa3+ 20. Kb1 Qc5 21. f4 g6 22. Rxe5 Qxe5 23. fxe5 Bf5 24. Rf1 Kg7 25. Rxf5 Nxf5 26. g4 Kxh7 27. gxf5 Rxf5 28. Qe4 Raf8 29. Bf6 Rf7 30. Qxc4 1-0

[Event "CHN-chB"]
[Site "Hangzhou"]
[Date "2019.07.03"]
[Round "4"]
[White "Xu, Junwei"]
[Black "Zhao, Chenxi"]
[Result "1/2-1/2"]
[WhiteElo "2057"]
[BlackElo "2400"]
[PlyCount "65"]
[EventDate "2019.07.02"]
[EventType "swiss"]
[EventRounds "11"]
[EventCountry "CHN"]
[SourceTitle "CBM 191 Extra"]
[Source "ChessBase"]
[SourceDate "2019.09.30"]
[SourceVersion "1"]
[SourceVersionDate "2019.09.30"]
[SourceQuality "1"]

1. g3 Nf6 2. Bg2 g6 3. c4 Bg7 4. Nc3 0-0 5. Nf3 d6 6. 0-0 c6 7. d3 e5 8. Rb1 a5 9. a3 Re8 10. e4 Na6 11. b4 axb4 12. axb4 d5 13. b5 Nc5 14. bxc6 bxc6 15. exd5 cxd5 16. Bg5 dxc4 17. dxc4 Qxd1 18. Rfxd1 Bf5 19. Rb5 Nce4 20. Nxe4 Nxe4 21. Re1 Rac8 22. g4 Nxg5 23. gxf5 Nxf3+ 24. Bxf3 Rxc4 25. fxg6 hxg6 26. Bd5 Rc7 27. Kg2 Rd8 28. Re3 Kf8 29. Bb3 Rd2 30. Rb6 Rb2 31. Rf3 Bh6 32. Rxg6 Bf4 33. Ra6 1/2-1/2

[Event "China zt 3.5"]
[Site "Daqing"]
[Date "2018.08.15"]
[Round "5"]
[White "Xi, Qi"]
[Black "Xu, Junwei"]
[Result "1/2-1/2"]
[WhiteElo "2181"]
[BlackElo "2027"]
[PlyCount "131"]
[EventDate "2018.08.13"]
[EventType "swiss"]
[EventRounds "11"]
[EventCountry "CHN"]
[SourceTitle "CBM 186 Extra"]
[Source "ChessBase"]
[SourceDate "2018.08.24"]
[SourceVersion "1"]
[SourceVersionDate "2018.08.24"]
[SourceQuality "1"]

1. d4 Nf6 2. c4 e6 3. Nc3 d5 4. cxd5 exd5 5. Bg5 Be7 6. e3 h6 7. Bh4 0-0 8. Bd3 c6 9. Qc2 Re8 10. Nge2 Nbd7 11. 0-0 Ne4 12. Bxe7 Qxe7 13. b4 a6 14. a4 Ndf6 15. Rab1 h5 16. b5 axb5 17. axb5 h4 18. h3 Ra3 19. bxc6 bxc6 20. Nxe4 dxe4 21. Bc4 Nd5 22. Rb8 Ba6 23. Rxe8+ Qxe8 24. Bxa6 Rxa6 25. Rb1 Kh7 26. Nc3 f5 27. Na4 Qa8 28. Nc5 Ra1 29. Qd1 Rxb1 30. Qxb1 Qa5 31. Nd7 Qd2 32. Kf1 Nb4 33. Qe1 Qb2 34. f4 Kg8 35. Qxh4 Qb1+ 36. Qe1 Qd3+ 37. Kf2 Nd5 38. Ne5 Qc2+ 39. Qe2 Qc3 40. g4 c5 41. dxc5 Qxc5 42. gxf5 Nxf4 43. Qc4+ Qxc4 44. Nxc4 Nxh3+ 45. Kg3 Ng5 46. Kf4 Nh7 47. Kxe4 Kf7 48. Kf4 Kf6 49. Ne5 Nf8 50. Ng4+ Kf7 51. e4 Ke7 52. Kg5 Nd7 53. Kg6 Nc5 54. e5 Kf8 55. Nh2 Nd3 56. Nf3 Nf4+ 57. Kh7 Nd3 58. Kh8 Nf2 59. Ng5 Ng4 60. Nf3 Nh6 61. Nh4 Nf7+ 62. Kh7 Nxe5 63. Ng6+ Kf7 64. Nxe5+ Kf6 65. Nd7+ Kxf5 66. Kxg7 1/2-1/2

[Event "China zt 3.5"]
[Site "Daqing"]
[Date "2018.08.14"]
[Round "3"]
[White "Xu, Junwei"]
[Black "Gang, Taoga"]
[Result "1-0"]
[WhiteElo "2027"]
[BlackElo "1877"]
[PlyCount "101"]
[EventDate "2018.08.13"]
[EventType "swiss"]
[EventRounds "11"]
[EventCountry "CHN"]
[SourceTitle "CBM 186 Extra"]
[Source "ChessBase"]
[SourceDate "2018.08.24"]
[SourceVersion "1"]
[SourceVersionDate "2018.08.24"]
[SourceQuality "1"]

1. e4 c5 2. Nf3 d6 3. d4 cxd4 4. Nxd4 Nf6 5. Nc3 g6 6. Be2 Bg7 7. 0-0 0-0 8. Be3 Nc6 9. Re1 Qc7 10. f3 a6 11. Qd2 Re8 12. Rac1 b5 13. Nxc6 Qxc6 14. Nd5 Nxd5 15. exd5 Qd7 16. b3 Bb7 17. c4 e6 18. dxe6 Qxe6 19. Bf2 Qd7 20. Bd4 Bxd4+ 21. Qxd4 bxc4 22. Bxc4 Rxe1+ 23. Rxe1 d5 24. h4 h5 25. Re5 Rd8 26. Bd3 Rc8 27. Qf4 Rc3 28. Qe3 Bc6 29. Qd4 Rc1+ 30. Kh2 Qd6 31. Qf4 Kg7 32. Kg3 Rd1 33. Bxa6 f6 34. Re3 Qxf4+ 35. Kxf4 Rd2 36. Re2 Rd4+ 37. Kg3 Kf7 38. a3 Rd1 39. Re3 Rd2 40. Rc3 Bd7 41. Rd3 Ra2 42. Rxd5 Be6 43. Ra5 Bxb3 44. Bd3 f5 45. Rb5 Be6 46. Rb7+ Kf6 47. Rb6 Ra1 48. Bc4 Rxa3 49. Rxe6+ Kg7 50. Rc6 Rc3 51. Kf4 1-0

[Event "CHN-chB"]
[Site "Jiangmen"]
[Date "2018.07.19"]
[Round "4"]
[White "Xu, Junwei"]
[Black "Zhu, Yi"]
[Result "1/2-1/2"]
[WhiteElo "1949"]
[BlackElo "2382"]
[PlyCount "91"]
[EventDate "2018.07.18"]
[EventType "swiss"]
[EventRounds "11"]
[EventCountry "CHN"]
[SourceTitle "CBM 185 Extra"]
[Source "ChessBase"]
[SourceDate "2018.07.29"]
[SourceVersion "1"]
[SourceVersionDate "2018.07.29"]
[SourceQuality "1"]

1. e4 c5 2. Nf3 d6 3. d4 cxd4 4. Nxd4 Nf6 5. Nc3 a6 6. h3 e5 7. Nde2 h5 8. Bg5 Be6 9. Ng3 g6 10. Nd5 Bxd5 11. Bxf6 Qxf6 12. Qxd5 Nc6 13. Bc4 Bh6 14. 0-0 0-0 15. Rad1 Rfd8 16. c3 Rac8 17. a4 Kg7 18. Ba2 Rd7 19. Ne2 h4 20. b4 Nd8 21. f4 Rcc7 22. fxe5 Qxe5 23. Rf3 Ne6 24. Qxe5+ dxe5 25. Rfd3 Rxd3 26. Rxd3 Ng5 27. Bd5 f5 28. exf5 gxf5 29. c4 Kf6 30. a5 e4 31. Rd1 Ne6 32. Kf2 Rd7 33. Nd4 Nxd4 34. Rxd4 Bf8 35. Rd2 e3+ 36. Kxe3 Bh6+ 37. Kd3 Bxd2 38. Kxd2 Ke5 39. Kd3 Rg7 40. Bf3 Rd7+ 41. Bd5 Rxd5+ 42. cxd5 Kxd5 43. Ke3 Kc4 44. Kf3 f4 45. Kxf4 Kxb4 46. Kg4 1/2-1/2

[Event "CHN-chB"]
[Site "Qinhuangdao"]
[Date "2017.07.19"]
[Round "8"]
[White "Xu, Minghui"]
[Black "Xu, Junwei"]
[Result "1-0"]
[WhiteElo "2317"]
[BlackElo "1846"]
[PlyCount "75"]
[EventDate "2017.07.16"]
[EventType "swiss"]
[EventRounds "11"]
[EventCountry "CHN"]
[SourceTitle "CBM 179 Extra"]
[Source "ChessBase"]
[SourceDate "2017.08.23"]
[SourceVersion "1"]
[SourceVersionDate "2017.08.23"]
[SourceQuality "1"]

1. d4 Nf6 2. c4 g6 3. Nc3 d5 4. Nf3 Bg7 5. Bg5 Ne4 6. Bf4 Nxc3 7. bxc3 0-0 8. e3 c5 9. cxd5 cxd4 10. cxd4 Qxd5 11. Be2 Qa5+ 12. Qd2 Nc6 13. Qxa5 Nxa5 14. 0-0 b6 15. Rfc1 Bb7 16. Bb5 Rac8 17. Bd7 Rc4 18. Nd2 Rxc1+ 19. Rxc1 Rd8 20. Rc7 h6 21. h4 e5 22. Bxe5 Bxe5 23. dxe5 Bc6 24. Bxc6 Nxc6 25. Nc4 b5 26. Rxc6 bxc4 27. Rxc4 Rd1+ 28. Kh2 Rd2 29. Rc8+ Kg7 30. Rc7 Kf8 31. f4 Rxa2 32. h5 gxh5 33. Kg3 a5 34. f5 Ra4 35. Kf3 Rb4 36. f6 Kg8 37. Rc8+ Kh7 38. e6 1-0

[Event "CHN-chB"]
[Site "Qinhuangdao"]
[Date "2017.07.18"]
[Round "6"]
[White "Yu, Kaifeng"]
[Black "Xu, Junwei"]
[Result "1-0"]
[WhiteElo "2366"]
[BlackElo "1846"]
[PlyCount "131"]
[EventDate "2017.07.16"]
[EventType "swiss"]
[EventRounds "11"]
[EventCountry "CHN"]
[SourceTitle "CBM 179 Extra"]
[Source "ChessBase"]
[SourceDate "2017.08.23"]
[SourceVersion "1"]
[SourceVersionDate "2017.08.23"]
[SourceQuality "1"]

1. d4 Nf6 2. c4 g6 3. Nc3 d5 4. Nf3 Bg7 5. Qb3 dxc4 6. Qxc4 0-0 7. e4 a6 8. Bf4 b5 9. Qd3 Bb7 10. a3 c5 11. d5 Nbd7 12. Be2 c4 13. Qc2 e6 14. Bg5 Qa5 15. Bd2 Qc7 16. dxe6 fxe6 17. Ng5 Nc5 18. Be3 Nfd7 19. 0-0 Qc6 20. Rad1 Rae8 21. f4 h6 22. Nf3 e5 23. fxe5 Nxe5 24. Nxe5 Rxf1+ 25. Bxf1 Bxe5 26. Bxh6 Nxe4 27. Nxe4 Qxe4 28. Qf2 Qf5 29. Qxf5 gxf5 30. Rd2 Re6 31. Bg5 Rd6 32. Rxd6 Bxd6 33. Bf6 Bc5+ 34. Kh1 Kf7 35. Bc3 Kg6 36. Be2 Be3 37. h4 Bd5 38. Kh2 Bc1 39. Kh3 a5 40. h5+ Kh6 41. g4 f4 42. Bd1 b4 43. axb4 axb4 44. Bf6 Be4 45. g5+ Kh7 46. Kg4 c3 47. bxc3 bxc3 48. Bxc3 f3 49. Bd4 Bd2 50. Bf2 Kg7 51. Bh4 Bd5 52. h6+ Kh7 53. Bc2+ Kg8 54. Bf2 Bc3 55. g6 Bb2 56. Kf5 Bc3 57. Bh4 Bf7 58. gxf7+ Kxf7 59. Bb3+ Kf8 60. Bf2 Bd2 61. Bc5+ Ke8 62. Kg6 Bc3 63. Bf7+ Kd7 64. Bf8 Kc6 65. Bg7 Kb5 66. Bd5 1-0

[Event "CHN-chB"]
[Site "Qinhuangdao"]
[Date "2017.07.16"]
[Round "2"]
[White "Peng, Xiongjian"]
[Black "Xu, Junwei"]
[Result "1-0"]
[WhiteElo "2409"]
[BlackElo "1846"]
[PlyCount "71"]
[EventDate "2017.07.16"]
[EventType "swiss"]
[EventRounds "11"]
[EventCountry "CHN"]
[SourceTitle "CBM 179 Extra"]
[Source "ChessBase"]
[SourceDate "2017.08.23"]
[SourceVersion "1"]
[SourceVersionDate "2017.08.23"]
[SourceQuality "1"]

1. d4 Nf6 2. c4 g6 3. Nf3 Bg7 4. g3 c6 5. Bg2 d5 6. b3 0-0 7. 0-0 b6 8. Bb2 Bb7 9. Nbd2 Nbd7 10. Rc1 Rc8 11. e3 e6 12. Qc2 Qe7 13. Rfe1 c5 14. Qb1 Ne4 15. Nxe4 dxe4 16. Nd2 f5 17. Bc3 e5 18. d5 g5 19. g4 fxg4 20. Qxe4 Qf7 21. Rf1 Qh5 22. f3 Nf6 23. fxg4 Qh4 24. Qxe5 Rce8 25. Nf3 Rxe5 26. Nxh4 Rxe3 27. Nf5 Rd3 28. Ba1 Rd2 29. Rce1 Bc8 30. Nxg7 Kxg7 31. Re7+ Kg6 32. Bxf6 Rxg2+ 33. Kxg2 Rxf6 34. h3 Rxf1 35. Kxf1 h5 36. Rc7 1-0